[Event "Izhevsk Corporation Cup-A 3rd"]
[Site "Izhevsk"]
[Date "2011.07.23"]
[Round "8"]
[White "Fedorov, Dmitri"]
[Black "Kontsevik, Georgy"]
[Result "1-0"]
[WhiteElo "2125"]
[BlackElo "1908"]
[PlyCount "123"]
[EventDate "2011.07.15"]
[EventType "swiss"]
[EventRounds "9"]
[EventCountry "RUS"]
[SourceTitle "CBM 143 Extra"]
[Source "ChessBase"]
[SourceDate "2011.08.29"]
[SourceVersion "1"]
[SourceVersionDate "2011.08.29"]
[SourceQuality "1"]

1. e4 e6 2. d4 d5 3. Nd2 Nf6 4. e5 Nfd7 5. c3 c5 6. Bd3 Nc6 7. Ndf3 cxd4 8. cxd4 Qb6 9. Ne2 f6 10. exf6 Nxf6 11. 0-0 Bd6 12. b3 0-0 13. Bb2 Kh8 14. Rc1 Bd7 15. Bb1 Rae8 16. Ng3 Bf4 17. Rc2 e5 18. dxe5 Nxe5 19. Ba3 Rf7 20. Bc5 Qa6 21. Nxe5 Bxe5 22. Re1 b6 23. Bd4 Bg4 24. Qd2 Rfe7 25. Bxe5 Rxe5 26. Rxe5 Rxe5 27. Rc1 Qb7 28. h3 Bd7 29. Qf4 Qb8 30. Qd4 Qe8 31. Kh2 Re1 32. Rxe1 Qxe1 33. Bd3 Qd2 34. a4 b5 35. Nf1 Qa5 36. Qc5 Qb6 37. Qxb6 axb6 38. axb5 Ne4 39. Bxe4 dxe4 40. Nd2 Bxb5 41. Nxe4 Kg8 42. Kg3 Kf8 43. h4 Ke7 44. Kf4 Bd3 45. Ke5 Kd7 46. Kd5 Bc2 47. Nd2 Bd1 48. b4 Bg4 49. Ne4 Be6+ 50. Ke5 Bc4 51. f4 Ke7 52. g4 Kd7 53. g5 Bd3 54. f5 Ke7 55. Nc3 Kf7 56. Ne4 Ke7 57. Nc3 Kf7 58. Ne4 Ke7 59. Nd6 Kd7 60. h5 Be2 61. h6 gxh6 62. gxh6 1-0

[Event "Izhevsk Corporation Cup-A 3rd"]
[Site "Izhevsk"]
[Date "2011.07.19"]
[Round "5"]
[White "Fedorov, Dmitri"]
[Black "Kalmachevskikh, Viktor"]
[Result "0-1"]
[WhiteElo "2125"]
[BlackElo "2293"]
[PlyCount "173"]
[EventDate "2011.07.15"]
[EventType "swiss"]
[EventRounds "9"]
[EventCountry "RUS"]
[SourceTitle "CBM 143 Extra"]
[Source "ChessBase"]
[SourceDate "2011.08.29"]
[SourceVersion "1"]
[SourceVersionDate "2011.08.29"]
[SourceQuality "1"]

1. e4 c5 2. Nf3 Nc6 3. d4 cxd4 4. Nxd4 Nf6 5. Nc3 g6 6. Nxc6 bxc6 7. Bc4 Bg7 8. e5 Ng8 9. Qf3 f5 10. Bf4 e6 11. 0-0-0 Qc7 12. Bb3 Rb8 13. Na4 Rb4 14. g3 Ne7 15. Qc3 Rb5 16. Rhe1 Qa5 17. Qxa5 Rxa5 18. c4 g5 19. Bxg5 Rxe5 20. Rxe5 Bxe5 21. f4 Bg7 22. Bxe7 Kxe7 23. c5 Ba6 24. Bc2 Rb8 25. a3 Bf6 26. b3 h5 27. Bd3 Bxd3 28. Rxd3 h4 29. b4 hxg3 30. hxg3 Rd8 31. Nb2 d5 32. cxd6+ Rxd6 33. Re3 Bd4 34. Rf3 Rd8 35. Nc4 Kd7 36. Kc2 Kc7 37. Na5 Rh8 38. Rd3 Rh2+ 39. Kb3 Bf2 40. Rc3 c5 41. bxc5 Rg2 42. Ka4 Rxg3 43. Rc4 Rf3 44. Nb3 Kc6 45. Na5+ Kd7 46. c6+ Kc7 47. Nb3 Be3 48. Kb5 Bb6 49. Kb4 Rd3 50. a4 Be3 51. a5 a6 52. Rc2 Bxf4 53. Nc5 Bd6 54. Kc4 Bxc5 55. Kxd3 Kxc6 56. Rh2 Bb4 57. Kc4 Bxa5 58. Ra2 Bd8 59. Rxa6+ Kd7 60. Kd4 Ke7 61. Ra7+ Kf6 62. Ra6 Bc7 63. Rc6 Bb8 64. Ra6 Bh2 65. Ke3 Ke7 66. Ra7+ Kd6 67. Ra6+ Kd7 68. Ra7+ Bc7 69. Ra6 Ke7 70. Ra7 Kd6 71. Ra8 e5 72. Rf8 Ke6 73. Ra8 Bb6+ 74. Kf3 e4+ 75. Kf4 Bc7+ 76. Ke3 Kd5 77. Rf8 f4+ 78. Ke2 Bd6 79. Rf7 Ke5 80. Kf2 Ke6 81. Rb7 Bc5+ 82. Ke2 f3+ 83. Kf1 e3 84. Rb2 Kd5 85. Rb8 Ke4 86. Rb3 Bd4 87. Rb1 0-1

[Event "RUS Cup tt"]
[Site "Izhevsk"]
[Date "2010.11.22"]
[Round "3"]
[White "Savitskiy, Sergey"]
[Black "Fedorov, Dmitri"]
[Result "1-0"]
[WhiteElo "2373"]
[BlackElo "2068"]
[PlyCount "75"]
[EventDate "2010.11.20"]
[EventType "team-tourn"]
[EventRounds "5"]
[EventCountry "RUS"]
[SourceTitle "CBM 139 Extra"]
[Source "ChessBase"]
[SourceDate "2011.01.05"]
[SourceVersion "1"]
[SourceVersionDate "2011.01.05"]
[SourceQuality "1"]

1. e4 e5 2. Nf3 Nc6 3. Bb5 a6 4. Ba4 Nf6 5. 0-0 Be7 6. Re1 b5 7. Bb3 d6 8. c3 0-0 9. d3 Na5 10. Bc2 c5 11. Nbd2 Re8 12. Nf1 h6 13. Ng3 Bf8 14. h3 Qc7 15. a3 Be6 16. b4 cxb4 17. cxb4 Rac8 18. Re2 Nc6 19. Bb2 d5 20. d4 Rcd8 21. Rc1 dxe4 22. Nxe4 Nxe4 23. Bxe4 Bc4 24. d5 f5 25. Bxf5 Rxd5 26. Rd2 Rxd2 27. Nxd2 Bd5 28. Ne4 Rd8 29. Qxd5+ Rxd5 30. Be6+ Kh7 31. Bxd5 a5 32. Bxc6 axb4 33. Nf6+ Kh8 34. Nd5 Qd8 35. axb4 e4 36. Be5 Bxb4 37. Nxb4 Qd2 38. Rc3 1-0

[Event "Izhevsk op-A"]
[Site "Izhevsk"]
[Date "2010.07.17"]
[Round "3"]
[White "Fedorov, Dmitri"]
[Black "Nasybullina, Alfia"]
[Result "0-1"]
[WhiteElo "2083"]
[BlackElo "1916"]
[PlyCount "36"]
[EventDate "2010.07.15"]
[EventType "swiss"]
[EventRounds "9"]
[EventCountry "RUS"]
[SourceTitle "CBM 137 Extra"]
[Source "ChessBase"]
[SourceDate "2010.09.01"]
[SourceVersion "1"]
[SourceVersionDate "2010.09.01"]
[SourceQuality "1"]

1. e4 e6 2. d4 d5 3. Nd2 c5 4. exd5 Qxd5 5. Ngf3 cxd4 6. Bc4 Qd6 7. 0-0 Nf6 8. Nb3 Nc6 9. Nbxd4 Nxd4 10. Nxd4 a6 11. Re1 Be7 12. Be3 0-0 13. Qf3 Qc7 14. Bb3 Bd6 15. h3 e5 16. Nf5 e4 17. Nh6+ Kh8 18. Qe2 gxh6 0-1

[Event "Izhevsk op"]
[Site "Izhevsk"]
[Date "2009.07.17"]
[Round "3"]
[White "Fedorov, Dmitri"]
[Black "Bronnikov, Konstantin Alexandr"]
[Result "1/2-1/2"]
[WhiteElo "2015"]
[BlackElo "2249"]
[PlyCount "69"]
[EventDate "2009.07.15"]
[EventType "swiss"]
[EventRounds "9"]
[EventCountry "RUS"]
[SourceTitle "EXT 2010"]
[Source "ChessBase"]
[SourceDate "2010.11.25"]
[SourceVersion "1"]
[SourceVersionDate "2010.11.25"]
[SourceQuality "1"]

1. e4 e5 2. Nf3 Nc6 3. Bb5 a6 4. Ba4 f5 5. d4 exd4 6. Nxd4 Nxd4 7. Qxd4 c5 8. Qe5+ Qe7 9. Qxe7+ Bxe7 10. c4 fxe4 11. Nc3 Nf6 12. Bc2 b6 13. Nxe4 Bb7 14. Nxf6+ Bxf6 15. 0-0 0-0 16. Be3 d5 17. cxd5 Bxd5 18. Rfd1 Bf7 19. a4 c4 20. Bd4 Rfd8 21. Bxf6 gxf6 22. f3 b5 23. Be4 Rab8 24. axb5 axb5 25. Kf2 b4 26. Rxd8+ Rxd8 27. Ke3 Rd6 28. Ra4 b3 29. Ra1 Kg7 30. Ke2 h6 31. Rd1 Rb6 32. Kd2 Rb5 33. g4 Kf8 34. Kc3 Ra5 35. Kb4 1/2-1/2

[Event "RUS-chB U14"]
[Site "Dagomys"]
[Date "2009.04.16"]
[Round "2"]
[White "Eramian, Gamlet"]
[Black "Fedorov, Dmitri"]
[Result "0-1"]
[WhiteElo "1969"]
[BlackElo "1989"]
[PlyCount "112"]
[EventDate "2009.04.15"]
[EventType "swiss"]
[EventRounds "9"]
[EventCountry "RUS"]
[SourceTitle "EXT 2010"]
[Source "ChessBase"]
[SourceDate "2010.11.25"]
[SourceVersion "1"]
[SourceVersionDate "2010.11.25"]
[SourceQuality "1"]

1. d4 Nf6 2. c4 e6 3. Nf3 d5 4. g3 dxc4 5. Bg2 Nc6 6. Qa4 Bb4+ 7. Bd2 Bd6 8. 0-0 0-0 9. Qxc4 e5 10. dxe5 Nxe5 11. Nxe5 Bxe5 12. Bc3 Qe7 13. Bb4 Qe6 14. Qxe6 Bxe6 15. Bc3 Bxc3 16. Nxc3 c6 17. Rfd1 Rfd8 18. Kf1 Kf8 19. Ke1 Ke7 20. h4 h6 21. Bf3 Bf5 22. Rxd8 Rxd8 23. Rd1 Rxd1+ 24. Nxd1 Kd6 25. Ne3 Be6 26. a3 h5 27. Kd2 g6 28. Bg2 Nd7 29. Kc3 b5 30. Nc2 c5 31. b4 Nb6 32. bxc5+ Kxc5 33. Bb7 a5 34. e3 b4+ 35. axb4+ axb4+ 36. Kb2 Nc4+ 37. Kb1 Bf5 38. e4 Bxe4 39. Bxe4 Nd2+ 40. Kb2 Nxe4 41. Kb3 Nxf2 42. Nxb4 Ne4 43. Nc2 Nxg3 44. Ne1 Kd4 45. Nf3+ Ke3 46. Ne5 Nf5 47. Nxf7 Nxh4 48. Kc2 Nf3 49. Kd1 h4 50. Nh6 h3 51. Ng4+ Kf4 52. Nf2 Kg3 53. Ke2 h2 54. Kf1 Ng5 55. Nh1+ Kf3 56. Nf2 Ne4 0-1

[Event "Dmitrov op"]
[Site "Dmitrov"]
[Date "2007.07.28"]
[Round "9"]
[White "Fedorov, Dmitri"]
[Black "Kovtunenko, Alexandr"]
[Result "0-1"]
[WhiteElo "1985"]
[BlackElo "2293"]
[PlyCount "98"]
[EventDate "2007.07.22"]
[EventType "swiss"]
[EventRounds "12"]
[EventCountry "RUS"]
[SourceTitle "EXT 2022"]
[Source "ChessBase"]
[SourceDate "2021.10.06"]
[SourceVersion "1"]
[SourceVersionDate "2021.10.06"]
[SourceQuality "1"]

1. e4 c5 2. Nf3 d6 3. d4 cxd4 4. Nxd4 Nf6 5. Nc3 g6 6. Be3 Bg7 7. f3 0-0 8. Bc4 Nc6 9. Qd2 Bd7 10. 0-0-0 Ne5 11. Bb3 Rc8 12. h4 h5 13. Rdg1 Qa5 14. Kb1 Nc4 15. Bxc4 Rxc4 16. Nb3 Qc7 17. Bd4 e5 18. Be3 Rc8 19. Bg5 Be6 20. Bxf6 Bxf6 21. g4 hxg4 22. fxg4 a5 23. Nb5 Qc6 24. Na7 Qxe4 25. Nxc8 Rxc8 26. g5 Bf5 27. Na1 Bg7 28. Qxd6 Qe2 29. Qd1 Qb5 30. Rg3 a4 31. Qf1 Qb6 32. Qg1 Qe6 33. Qe3 Qc4 34. Qd2 e4 35. Re3 Qb5 36. c3 Bxc3 37. Qxc3 Rxc3 38. Rxc3 e3+ 39. Kc1 Qd5 40. Rd1 Qe4 41. Nc2 e2 42. Re1 Qf4+ 43. Ne3 Qxh4 44. Rxe2 Qxg5 45. Rd2 Be6 46. b3 Qe5 47. Kc2 b5 48. bxa4 b4 49. Rcd3 Bxa2 0-1

[Event "Dmitrov op"]
[Site "Dmitrov"]
[Date "2007.07.24"]
[Round "3"]
[White "Fedorov, Dmitri"]
[Black "Larina, Marija"]
[Result "0-1"]
[WhiteElo "1985"]
[BlackElo "2092"]
[PlyCount "48"]
[EventDate "2007.07.22"]
[EventType "swiss"]
[EventRounds "12"]
[EventCountry "RUS"]
[SourceTitle "EXT 2022"]
[Source "ChessBase"]
[SourceDate "2021.10.06"]
[SourceVersion "1"]
[SourceVersionDate "2021.10.06"]
[SourceQuality "1"]

1. e4 c5 2. Nf3 Nc6 3. d4 cxd4 4. Nxd4 e5 5. Nb3 Nf6 6. Bd3 Bb4+ 7. Bd2 d5 8. exd5 Nxd5 9. 0-0 0-0 10. Bxb4 Ncxb4 11. a3 Nxd3 12. Qxd3 Nf4 13. Qxd8 Rxd8 14. Nc3 Bf5 15. Rac1 Rac8 16. Rfe1 f6 17. g3 Nd5 18. Ne4 Nb6 19. Nec5 Rd5 20. Ne4 Na4 21. c4 Rd3 22. Na5 b6 23. b3 Bxe4 24. bxa4 Bf3 0-1